Normal view MARC view
  • Design of Machinery.Machines

Entry Topical Term

Number of records used in: 1

001 - CONTROL NUMBER

  • control field: 112455

003 - CONTROL NUMBER IDENTIFIER

  • control field: NUST

005 - DATE AND TIME OF LATEST TRANSACTION

  • control field: 20230518125752.0

008 - FIXED-LENGTH DATA ELEMENTS

  • fixed length control field: 230518|| aca||aabn | a|a d

040 ## - CATALOGING SOURCE

  • Original cataloging agency: NUST
  • Transcribing agency: NUST

150 ## - HEADING--TOPICAL TERM

  • Topical term or geographic name entry element: Design of Machinery.Machines

670 ## - SOURCE DATA FOUND

  • Source citation: Work cat.: (NUST)594775: Norton, Robert L. , Design of Machinery:, 2008.
© 2023 Central Library, National University of Sciences and Technology. All Rights Reserved.